Central Library OPAC University of Rajshahi

The psychology of affiliation : (Record no. 33724)

MARC details
000 -LEADER
fixed length control field 00791cam a2200241 a 4500
001 - CONTROL NUMBER
control field 33724
003 - CONTROL NUMBER IDENTIFIER
rucl marc code BD-RjUL
005 - DATE AND TIME OF LATEST TRANSACTION
control field 20211209052041.0
008 - FIXED-LENGTH DATA ELEMENTS--GENERAL INFORMATION
fixed length control field 140511s1961 u b 001 0 eng d
035 ## - SYSTEM CONTROL NUMBER
System control number (BD-RjUL)33815
040 ## - CATALOGING SOURCE
Original cataloging agency VCAV
Language of cataloging eng
Transcribing agency VCAV
Modifying agency ABN:1
-- BD-RjUL
041 ## - LANGUAGE CODE
Language code of text/sound track or separate title eng
082 04 - DEWEY DECIMAL CLASSIFICATION NUMBER
Classification number 152.44
Edition number 19
Author mark and year SCP 1961
100 1# - MAIN ENTRY--PERSONAL NAME
Personal name Schachter, Stanley,
Dates associated with a name 1922-
9 (RLIN) 102397
245 14 - TITLE STATEMENT
Title The psychology of affiliation :
Remainder of title experimental studies of the sources of gregariousness /
Statement of responsibility, etc. Stanley Schachter.
260 ## - PUBLICATION, DISTRIBUTION, ETC. (IMPRINT)
Place of publication, distribution, etc. Stanford,Calif. :
Name of publisher, distributor, etc. Stanford University Press,
Date of publication, distribution, etc. 1961.
300 ## - PHYSICAL DESCRIPTION
Pagination 141p.23cm.
500 ## - GENERAL NOTE
General note Includes index.
504 ## - BIBLIOGRAPHY, ETC. NOTE
Bibliography, etc Bibliography: p.[135]-138.
650 #0 - SUBJECT ADDED ENTRY--TOPICAL TERM
Topical term or geographic name as entry element Affiliation (Psychology)
9 (RLIN) 102399
942 ## - ADDED ENTRY ELEMENTS (KOHA)
Source of classification or shelving scheme Dewey Decimal Classification
Koha item type Books
Holdings
Lost status Source of classification or shelving scheme Damaged status Not for loan Permanent Location Current Location Shelving location Date acquired Source of acquisition Cost, normal purchase price Total Checkouts Full call number Date last seen Copy number Koha item type Collection code
  Dewey Decimal Classification   Not For Loan Central Library, University of Rajshahi Central Library, University of Rajshahi Reading Room 09/07/1964 Zeitlinger 30.00   152.44 SCP 1961 11/05/2014 C-1 Books  
  Dewey Decimal Classification     Central Library, University of Rajshahi Central Library, University of Rajshahi   09/07/1964 Sweets & Zeitlinger 30.00   152.44 SCP 1961 11/05/2014 C-2 Books Non-fiction